| 000 | 00430nam a22001457a 4500 | ||
|---|---|---|---|
| 999 |
_c7769 _d7769 |
||
| 008 | 230912b ||||| |||| 00| 0 eng d | ||
| 020 | _a9788419734020 | ||
| 040 | _aCDMR | ||
| 100 |
_94879 _aCalçada Barres, Laura |
||
| 245 |
_aFucking New York _b: història dels meus límits _c/ Laura Calçada Barres |
||
| 260 |
_aBarcelona _b: Destino _c, 2023 |
||
| 300 |
_a388 p. _c; 23 cm |
||
| 490 |
_aL'Àncora _v; 285 |
||
| 942 |
_2udc _cMON |
||